[Event "Sueca op 1st"]
[Site "Sueca"]
[Date "2015.07.28"]
[Round "2"]
[White "Castello Gadea, David"]
[Black "Vigliaroli, Matteo Luigi"]
[Result "0-1"]
[WhiteElo "1218"]
[BlackElo "1637"]
[PlyCount "70"]
[EventDate "2015.07.27"]
[EventType "swiss"]
[EventRounds "8"]
[EventCountry "ESP"]
[SourceTitle "EXT 2016"]
[Source "ChessBase"]
[SourceDate "2015.10.08"]
[SourceVersion "1"]
[SourceVersionDate "2015.10.08"]
[SourceQuality "1"]

1. b3 d5 2. Bb2 c5 3. Nf3 Bf5 4. e3 e6 5. Bd3 Bxd3 6. cxd3 Nf6 7. d4 Nbd7 8. 0-0 Bd6 9. Ne5 cxd4 10. Nxd7 Nxd7 11. Bxd4 Nf6 12. Bxf6 Qxf6 13. Nc3 a6 14. Ne2 0-0 15. d4 Ba3 16. Nc3 Bb2 17. Na4 Bxa1 18. Qxa1 Qd8 19. Rc1 Rc8 20. Nc5 Rc7 21. Rc3 Qe7 22. Rd3 Rfc8 23. g3 b6 24. b4 bxc5 25. bxc5 Qf6 26. Qc3 Qf3 27. e4 Qxe4 28. Qa3 e5 29. f3 Qe1+ 30. Kg2 exd4 31. Rxd4 Rxc5 32. Qd3 Qe6 33. g4 Rc2+ 34. Kh3 Qh6+ 35. Kg3 Qxh2# 0-1